000 00424nam a22001817a 4500
003 MPLRDC
005 20220104163247.0
008 210129b ||||| |||| 00| 0 eng d
020 _a0-517-69200-7
082 _a870.51 HAR
100 _aGAIL HARVEY
245 _aPOEMS OF LOVE
_c
250 _a第一版
260 _a
_bOUTLET BOOK CO., INC.
_c1989
300 _b
650 _a英文诗
942 _cBK
_o870.51 HAR
999 _c56373
_d56363